Pászka Imre könyve a "hívatáselitről". Romániában mikor sikerül?
Elmentve itt :
| Dokumentumtípus: | Cikk |
|---|---|
| Megjelent: |
1999-06-09
|
| Sorozat: | Délmagyarország
|
| Kulcsszavak: | Recenzió, Pászka Imre, Pászka Imre |
| Online Access: | http://univ.bibl.u-szeged.hu/24378 |
| LEADER | 00491nab a2200157 i 4500 | ||
|---|---|---|---|
| 001 | univ24378 | ||
| 005 | 20171214104749.0 | ||
| 008 | 171214s1999 hu o 0|| zxx d | ||
| 040 | |a SZTE UnivHistória Repozitórium |b hun | ||
| 041 | |a zxx | ||
| 245 | 0 | 0 | |a Pászka Imre könyve a "hívatáselitről". Romániában mikor sikerül? |h [elektronikus dokumentum] |
| 260 | |c 1999-06-09 | ||
| 300 | |a 6 | ||
| 490 | 0 | |a Délmagyarország | |
| 561 | |a Egyetemi hirarchívum | ||
| 695 | |a Recenzió, Pászka Imre, Pászka Imre | ||